000 00920cam a2200301 a 4500
001 3769228
003 OSt
005 20160608160110.0
008 830908s1984 njua b 001 0 eng
010 _a 83019190
020 _a0130006386
040 _aDLC
_cDLC
_dDLC
050 1 0 _aRC 454
_b.Sa28 1972
082 0 0 _aGLT 616.89
_bSa7 1984
100 1 _aSarason, Irwin G.
_922445
245 1 0 _aAbnormal psychology :
_bthe problem of maladaptive behavior /
_cIrwin G. Sarason [and] Barbara R. Sarason.
250 _a4th ed.
260 _aEnglewood Cliffs, N.J. :
_bPrentice-Hall,
_cc1972.
300 _axviii, 557 p. :
_bill. ;
_c29 cm.
500 _aIncludes indexes.
504 _aBibliography: p. 516-538.
562 _e1
650 0 _aPsychology, Pathological.
_922446
700 1 _aSarason, Barbara R.
_922447
906 _a7
_bcbc
_corignew
_d1
_eocip
_f19
_gy-gencatlg
942 _2lcc
_cBK
999 _c12528
_d12528